Vainqueurs du tournoi ATP de Lyon - Statistiques

Statistiques générales
  • Ce quiz a été pris 21 fois
  • Le résultat moyen est 11 sur 29
Statistiques - réponses
Année Vainqueur % Correct
2023 Fils
94%
2017 Tsonga
94%
2006 Gasquet
69%
2021 Tsitsipas
63%
1987 Noah
56%
2018 Thiem
56%
2007 Grosjean
50%
1991 Sampras
50%
1992 Sampras
50%
1993 Sampras
50%
2004 Soderling
50%
2008 Soderling
50%
2019 Paire
44%
2022 Norrie
38%
2000 Clément
31%
2005 Roddick
31%
1997 Santoro
25%
1996 Kafelnikov
19%
2001 Ljubičić
19%
2009 Ljubičić
19%
2002 Mathieu
19%
1998 Corretja
13%
1995 Ferreira
13%
1989 McEnroe
13%
1990 Rosset
13%
1994 Rosset
13%
1988 Doumbia
6%
1999 Lapentti
6%
2003 Schüttler
6%
Aucun quiz correspondant
Distribution des résultats
% des personnes avec chaque résultat
Percentile par nombre de réponses
Votre historique - résultats
Vous n’avez pas pris ce quiz